000 00585nmm a2200193Ia 4500
008 251105s9999||||xx |||||||||||||||||und||
020 _a9788437077437
041 _aspa
100 _aHidalgo, Gaspar Lucas
245 0 _aDiálogos de apacible entretenimiento
264 _a[Madrid, España] :
_bPublicaciones de la Universidad de Valencia (PUV),
_c2010
300 _a198 páginas
490 _aParnaseo
650 _aSpanish literature
700 _aHidalgo, Gaspar Lucas
700 1 _a Alonso, Julio
856 _uhttps://public.digitaliapublishing.com/a/34903
942 _cCF
999 _c66897
_d66897